Witch Equipment Quiz Stats

 Plays Quiz Updated Oct 21, 2018

Support Sporcle.
Go Orange.
Score 0/21 Timer 03:00
1 Play Today
% Correct
Pumpkin
98.1%
Pointed Hat
98%
Skull
98%
Toad
98%
Crystal Ball
98%
Spider
98%
Black Cat
98%
Bat
97.9%
Owl
97.9%
Cauldron
97.8%
Candlestick
97.7%
% Correct
Raven
97.6%
Hourglass
97.4%
Broom
97.4%
Cloak
97.3%
Magic Wand
96.4%
Quill
96.1%
Vial
95.8%
Tarot
95.3%
Talisman
92%
Grimoire
90.3%

You're not logged in!

Compare scores with friends on all Sporcle quizzes.
OR
Log In
Forgot?

From the Vault

Click the Caspian Sea Countries

by PrincessMartell

Geography 30s
Watch the clock, or you might find yourself Russian through this quiz.
Remove Ads.
Support Sporcle.
Get the best of Sporcle when you Go Orange. This ad-free experience offers more features, more stats, and more fun while also helping to support Sporcle. Thank you for becoming a member.

Show Comments

Extras

Top Quizzes Today


Score Distribution

Your Account Isn't Verified!

In order to create a playlist on Sporcle, you need to verify the email address you used during registration. Go to your Sporcle Settings to finish the process.

Report this User

Report this user for behavior that violates our Community Guidelines.

Details: